Statystyki dla Państwa, których angielska nazwa jest taka sama jak polska

Kliknij tutaj aby rozwiązać quiz!

Ogólne statystyki

  • Ten quiz został rozwiązany 143 razy
    (110 od ostatniego zresetowania)
  • Średni wynik to 30 z 64

Statystyki odpowiedzi

Państwo% Poprawnych
Australia
74%
Chile
68%
Austria
65%
Niger
65%
Nigeria
64%
Peru
62%
San Marino
58%
Bhutan
57%
Liechtenstein
57%
Albania
55%
Zambia
55%
Angola
54%
Sudan
54%
Iran
53%
Oman
53%
Panama
53%
Armenia
52%
Ghana
52%
Haiti
52%
Nepal
52%
Zimbabwe
52%
Senegal
51%
Belize
49%
Malta
49%
Mali
48%
Sri Lanka
48%
Laos
46%
Somalia
46%
Estonia
45%
Palau
45%
Togo
45%
Uzbekistan
45%
Benin
44%
Brunei
44%
Honduras
44%
Nauru
44%
Serbia
44%
Tuvalu
44%
Burkina Faso
43%
Pakistan
43%
Sierra Leone
42%
Gambia
41%
Kiribati
41%
Tonga
41%
Vanuatu
41%
Botswana
40%
Grenada
40%
Mongolia
40%
Namibia
40%
Samoa
40%
Syria
40%
Barbados
38%
Gabon
38%
Lesotho
38%
Liberia
38%
Turkmenistan
38%
Uganda
38%
Burundi
36%
Malawi
36%
Tanzania
36%
Eswatini
35%
Rwanda
35%
Saint Lucia
34%
Mauritius
29%

Rozkład punktacji

Percentyl według liczby udzielonych odpowiedzi

Procent ludzi z każdym wynikiem

Twoja historia wyników

Nie rozwiązałeś tego quizu od ostatniego zresetowania